Music Quiz

Random Music or Famous Quiz

Classical Music Clip Challenge Quiz Stats

Quiz Updated Aug 11, 2016

Challenge
Share
Tweet
Score 0/26 Timer 10:00
0 Plays Today
Time Interval Piece % Correct
0:00-0:10Symphony No. 5
86.6%
1:28-1:39Flight of the Bumblebee
80.1%
0:53-1:01Hallelujah Chorus
79.8%
1:58-2:09Für Elise
78.2%
1:50-1:57The Nutcracker: Dance Of The Sugar-Plum Fairy
77%
0:30-0:40Pachelbel's Canon
73.9%
1:12-1:18Ode to Joy
72.1%
1:40-1:50Moonlight Sonata
71.9%
0:20-0:30William Tell Overture
71.6%
0:10-0:201812 Overture
66.3%
2:10-2:23Ride of the Valkyries
58.1%
3:14-3:27The Blue Danube
56.1%
1:19-1:27In the Hall of the Mountain King
54.2%
Time Interval Piece % Correct
2:51-3:01Symphony No. 9
52.4%
3:28-3:37Rhapsody in Blue
49.8%
0:40-0:52Also sprach Zarathustra
44.2%
3:46-3:56Eine Kleine Nachtmusik
43.1%
3:02-3:13Toccata And Fugue in D minor, BWV 565
42%
4:17-4:25Stars and Stripes Forever
37.3%
4:05-4:16Hoe-Down
37%
3:38-3:45The Sorcerer's Apprentice
36.5%
2:32-2:40Toreador Song
35.8%
1:02-1:11The Sabre Dance
34.6%
2:24-2:31Habanera
33.9%
3:57-4:04Rondo Alla Turca
33%
2:40-2:50Minuet in G major
19.1%

You're not logged in!

Compare scores with friends on all Sporcle quizzes.
Join for Free
OR
Log In

You Might Also Like...

Show Comments

Extras

Top Quizzes Today


Score Distribution

Your Account Isn't Verified!

In order to create a playlist on Sporcle, you need to verify the email address you used during registration. Go to your Sporcle Settings to finish the process.

Report this User

Report this user for behavior that violates our Community Guidelines.

Details: